Optimalizácia nákupu zemného plynu pre zákazníkov SPP na českom trhu diplomová práca

Saved in:
Bibliographic Details
Main Author: Halabuk, Boris
Corporate Author: Fakulta hospodárskej informatiky EU. Katedra operačného výskumu a ekonometrie
Other Authors: Pekár, Juraj, 1972-
Format: Book
Language:Slovak
Published: Bratislava 2011
Tags: Add Tag
No Tags, Be the first to tag this record!

MARC

LEADER 00000nbm a2200000 4500
001 0140702
005 20161109101944.1
041 0 |a slo 
044 |a SK 
245 1 0 |a Optimalizácia nákupu zemného plynu pre zákazníkov SPP na českom trhu  |b diplomová práca  |c Boris Halabuk ; školiteľ: Juraj Pekár 
264 1 |a Bratislava  |c 2011 
300 |a 60 s. 
100 1 |a Halabuk, Boris 
700 1 |a Pekár, Juraj, 1972- 
710 2 |a Fakulta hospodárskej informatiky EU. Katedra operačného výskumu a ekonometrie